000 00896nac a22003017a 4500
001 BR0204135
003 BR-BrBNA
005 20240105122703.0
008 230509b bl.|||m| |||| 00| 0 por d
040 _aBR-BrBNA
_bpor
_cBiblioteca Nacional de Agricultura
041 _a(Pt)
072 _aQ02
090 _a9205 BR0204135
100 1 _aMartins, R.R.
100 1 _aFranco, J.B. da R.
100 1 _aOliveira, P.A.V. de
110 1 _aEMBRAPA Trigo, Passo Fundo, RS (Brasil)
_93754
245 1 _aTecnologia de secagem de grãos
260 3 _aPasso Fundo, RS (Brasil):
_c1999.
490 _aDocumentos - EMBRAPA Trigo (Brazil)
_vno. 8
_xISSN 1516-5582
500 _aBibliography p. 82-90; 22 tables; 15 illus.
650 _aGRÃO
650 _aSECAGEM
650 _aTEMPERATURA
650 _aQUALIDADE
909 _a202312
_bLúcia Elande
_c55
_dLúcia Elande
942 _2AGRIS
_n0
_cMS
999 _c292328
_d292328